<tr>d class="category_name">SAME FIRST & LAST LETTER>tr>
<tr>
<tr>d class="category_name">END OF STORY>tr>
<tr>
</tr>
<tr>
<tr>
<td>
</tr>
<tr>
gladiators>r /> >able width="100%">r>d class="right">Alex | >tr> >td>
</tr>
able>
|
<tr>
<td>
</tr>
<tr>
>m class="correct_response">>The Devil Wears Prada>r /> >able width="100%">r>d class="right">Alex | >tr> >td>
</tr>
able>
|
<tr>
<td>
</tr>
<tr>
(Ken: Yes, you did very well in that category.) (Alex: Thanks, I was really hoping for the ENT question.) >r />m class="correct_response">psychiatry>r /> >able width="100%">r>d class="right">Alex | >tr> >td>
</tr>
able>
|
<tr>
<td>
</tr>
<tr>
(Ken: The [*] is correct, as he always is.) >r />m class="correct_response">host>r /> >able width="100%">>d class="right">Ed>tr> | >td>
</tr>
able>
|
<tr>
<td>
</tr>
<tr>
>m class="correct_response">a Realtor>r /> >able width="100%">r>d class="right">Suzanne | >tr> >td>
</tr>
able>
|
<tr>
<td>
</tr>
<tr>
>(Ed: What is Grapes of Wrath>?) (Alex: What is >East of Eden?) >r />m class="correct_response">>Of Mice and Men>r /> >able width="100%">r>>Alex | >d class="wrong">Ed | >tr> >able>>d class="wrong">Triple Stumper>tr> | >td>
</tr>
able>
|
</tr>
<tr>
<tr>
<td>
</tr>
<tr>
aqueducts>r /> >able width="100%">r>d class="right">Suzanne | >tr> >td>
</tr>
able>
|
<tr>
<td>
</tr>
<tr>
James Cameron>r /> >able width="100%">r>d class="right">Alex | >tr> >td>
</tr>
able>
|
<tr>
<td>
</tr>
<tr>
radiology>r /> >able width="100%">r>d class="right">Alex | >tr> >td>
</tr>
able>
|
<tr>
<td>
</tr>
<tr>
font>r /> >able width="100%">r>d class="right">Suzanne | >tr> >td>
</tr>
able>
|
<tr>
<td>
</tr>
<tr>
(Ed: What is engage?) >... (Ken: Engage is the warp engines, Ed, not the transporter.) >(Ed: Nerd card totally invalidated.) [Laughter] >r />energize>r /> >able width="100%">r>>Alex | >d class="wrong">Ed | >tr> >td>
</tr>
able>
|
<tr>
<td>
</tr>
<tr>
>m class="correct_response">>Frankenstein>r /> >able width="100%">r>d class="right">Suzanne | >tr> >td>
</tr>
able>
|
</tr>
<tr>
<tr>
<td>
</tr>
<tr>
a giraffe>r /> >able width="100%">r>d class="right">Alex | >tr> >td>
</tr>
able>
|
<tr>
<td>
</tr>
<tr>
>m class="correct_response">>Spectre>r /> >able width="100%">r>d class="right">Alex | >tr> >td>
</tr>
able>
|
<tr>
<td>
</tr>
<tr>
hospice>r /> >able width="100%">r>d class="right">Suzanne | >tr> >td>
</tr>
able>
|
<tr>
<td>
</tr>
<tr>
pulpit>r /> >able width="100%">>d class="right">Ed>tr> | >td>
</tr>
able>
|
<tr>
<td>
</tr>
<tr>
dehydrated>r /> >able width="100%">r>d class="right">Suzanne | >tr> >td>
</tr>
able>
|
<tr>
<td>
</tr>
<tr>
"The Lottery">r /> >able width="100%">r>d class="right">Alex | >tr> >td>
</tr>
able>
|
</tr>
<tr>
<tr>
<td>
</tr>
<tr>
Nero>r /> >able width="100%">r>d class="right">Suzanne | >tr> >td>
</tr>
able>
|
<tr>
<td>
</tr>
<tr>
(Alex: What is >The Bride of Frankenstein?) >... (Ken: Have we forgotten the classic rom-com [*]?) >r />m class="correct_response">>Monster-in-Law>r /> >able width="100%">r>d class="wrong">Alex | >tr> >able>>d class="wrong">Triple Stumper>tr> |
>td>